SPECIAL EDUCATION NEEDS (Record no. 34111)

MARC details
000 -LEADER
fixed length control field 00285nam a22001337a 4500
003 - CONTROL NUMBER IDENTIFIER
control field SGT
020 ## - INTERNATIONAL STANDARD BOOK NUMBER
International Standard Book Number 978171328260
082 ## - DEWEY DECIMAL CLASSIFICATION NUMBER
Classification number 371.9,GOE
100 ## - MAIN ENTRY--PERSONAL NAME
Personal name GOEL S.K.
245 ## - TITLE STATEMENT
Title SPECIAL EDUCATION NEEDS
260 ## - PUBLICATION, DISTRIBUTION, ETC. (IMPRINT)
Place of publication, distribution, etc JAIPUR
Name of publisher, distributor, etc POINTER PUBLISHARS
Year of Publication 2022
300 ## - PAGE DESCRIPTION
No. of Pages 168
942 ## - ADDED ENTRY ELEMENTS (KOHA)
Source of classification or shelving scheme Dewey Decimal Classification
Koha item type Books

No items available.